| 000 | 00000nam##2200000za#4500 |
| 001 | 9.633823 |
| 003 | CaOODSP |
| 005 | 20210624215518 |
| 007 | cr ||||||||||| |
| 008 | 150407|2007||||xxc|||||o f|0| 0 fre|d |
| 020 | |a978-0-662-73640-0 |
| 040 | |aCaOODSP|bfre |
| 043 | |an-cn--- |
| 086 | 1 |aHR21-21/2007F-PDF |
| 110 | 2 |aCommission canadienne des droits de la personne. |
| 245 | 10|aGuide de présélection et de sélection des employés |h[ressource électronique] |
| 260 | |aOttawa - Ontario : |bCommission canadienne des droits de la personne |c2007. |
| 300 | |a10p.|btableaux |
| 520 | 3 |aCe guide vise principalement à fournir des points de repère aux employeurs lorsqu'ils rencontrent des candidats à un emploi ou qu'ils embauchent du personnel, qu'il s'agisse de choisir un nouvel employé ou d'accorder de l'avancement à un employé déjà en place. |
| 590 | |a08-08|b2008-02-22 |
| 691 | 07|aDotation|2gcpds |
| 691 | 07|aDemandeur|2gcpds |
| 691 | 07|aDroit du travail|2gcpds |
| 775 | 08|tA guide to screening and selection in employment |w(CaOODSP)9.689411 |
| 776 | 0#|tA guide to screening and selection in employment |w(CaOODSP)9.668469 |
| 776 | 0#|tGuide de présélection et de sélection des employés |w(CaOODSP)9.668470 |
| 856 | 40|ahttp://publications.gc.ca|qPDF|s351 Ko|uhttps://publications.gc.ca/collections/collection_2008/chrc-ccdp/HR21-21-2007F.pdf |